| 000 | 00701nam a2200229 4500 | ||
|---|---|---|---|
| 005 | 20251007075634.0 | ||
| 020 |
_a9788175347274 _cTZS 55,000/= |
||
| 040 |
_aMCCL _beng. _eAACR 2nd rev. ed. |
||
| 082 | _a347.052 MAL | ||
| 100 | _a Malik, B. | ||
| 245 |
_a The art of a lawyer : _b advocacy, cross-examination and courtmanship _c/ B. Malik foreword by M. Hidayatullah |
||
| 250 | _a10th ed. | ||
| 260 |
_aNew Delhi : _bLaw Publishing Co.Pvt. Ltd., _c2009 |
||
| 300 |
_axviii,1070 p. : _c23cm. |
||
| 504 | _aIncludes index | ||
| 546 | _aeng. | ||
| 650 |
_aPractice of law India _zIndia |
||
| 650 |
_aTrial practice _zIndia |
||
| 650 |
_aLawyers _zIndia |
||
| 700 | _a M. Hidayatullah | ||
| 942 | _cBK | ||
| 999 |
_c12166 _d12166 |
||